Regresné modely v teórii kredibility dizertačná práca

Saved in:
Bibliographic Details
Main Author: Šoltés, Erik, 1974-
Corporate Author: Fakulta hospodárskej informatiky EU. Katedra štatistiky
Other Authors: Pacáková, Viera
Format: Book
Language:Slovak
Published: Bratislava 2004
Subjects:
Tags: Add Tag
No Tags, Be the first to tag this record!

MARC

LEADER 00000nam$a2200000$$$4500
001 0036765
005 20240502071452.9
041 0 |a slo 
044 |a SK 
245 1 0 |a Regresné modely v teórii kredibility  |b dizertačná práca  |c Erik Šoltés ; školiteľ: Viera Pacáková 
264 1 |a Bratislava  |c 2004 
300 |a 134 s. 
610 2 0 |a teória kredibility 
610 2 0 |a modely regresné 
610 2 0 |a poistenie 
610 2 0 |a plnenie poistné 
610 2 0 |a legislatíva 
610 2 0 |a kalkulácia 
100 1 |a Šoltés, Erik, 1974- 
700 1 |a Pacáková, Viera 
710 2 |a Fakulta hospodárskej informatiky EU. Katedra štatistiky